000 00673nam a2200217 i 4500
001 81524
003 ES-MaACL
005 20230906174444.0
007 t|
008 041104s1983 sp ||||1| spa d
020 _a84-359-0347-8
100 1 _aHurtado Torres, Antonio.
_964801
245 1 3 _aLa prosa de ficción en los siglos de oro /
_cAntonio Hurtado Torres.
260 _a[Madrid] :
_bPlayor,
_c1983.
300 _a127 p. ;
_c21 cm.
490 1 _aLectura crítica de la literatura española ;
_v7
500 _aIndice.
830 0 _aLectura crítica de la literatura española ;
_v7
_9181039
852 _aES-MaACL
_jL-8241
_bR.108859
999 _c81524
_d81524